00787nam a2200205 i 450000100060000000300090000600500170001500700030003200800410003510000460007624501220012226000330024430000260027754600480030365000370035170000350038885200210042399900170044495201200046186564ES-MaACL20250907063052.0t|041213s1911 fr ||||1| fre d1 aHalil ibn Isaq al-Gundi, dm. 136696798510aCode musulman b: rite malékite, statut réel / cpar Khalil ; texte arabe et traduction française N. Seignette. aParis : bChallamel, c1911. aVI, 743 p. ; c25 cm. aTexto en árabe con traducción francesa.07aDerecho musulmán2embne9117421 aSeignette, Napoléon.9159346 aES-MaACLjC-1085 c86564d86564 00104070aATENEOMbATENEOMcSPALd2008-01-17eSCl0oC-1085p1090440r2023-02-23 00:00:00w2023-02-23yMONOGRAFIA